[Event "Florianopolis Autumn op U2300"]
[Site "Florianopolis"]
[Date "2022.05.14"]
[Round "3"]
[White "De Haro, Martim Alfonso"]
[Black "Sarda, Joao Sada"]
[Result "1-0"]
[WhiteElo "1727"]
[BlackElo "1357"]
[PlyCount "49"]
[EventDate "2022.05.13"]
[EventType "swiss"]
[EventRounds "6"]
[EventCountry "BRA"]
[SourceTitle "CBM 208 Extra"]
[Source "ChessBase"]
[SourceDate "2022.07.31"]
[SourceVersion "1"]
[SourceVersionDate "2022.07.31"]
[SourceQuality "1"]

1. e4 e5 2. Nf3 Nc6 3. d4 exd4 4. Bc4 Nf6 5. e5 d5 6. Bb5 Bb4+ 7. c3 dxc3 8. bxc3 Qe7 9. 0-0 Bc5 10. exf6 Qxf6 11. Qxd5 Be7 12. Bg5 Qg6 13. Bxe7 Kxe7 14. Re1+ Be6 15. Bxc6 bxc6 16. Qc5+ Kd7 17. Ne5+ Kc8 18. Qxc6 Rb8 19. Nxg6 hxg6 20. Rxe6 fxe6 21. Qxe6+ Kb7 22. Na3 Rhe8 23. Rb1+ Ka8 24. Qc6+ Rb7 25. Qxb7# 1-0

[Event "Florianopolis op 8th"]
[Site "Florianopolis"]
[Date "2022.01.29"]
[Round "8"]
[White "Conor, Gilberto Bordignon"]
[Black "Sarda, Joao Sada"]
[Result "1-0"]
[WhiteElo "1673"]
[BlackElo "1285"]
[PlyCount "25"]
[EventDate "2022.01.24"]
[EventType "swiss"]
[EventRounds "10"]
[EventCountry "BRA"]
[SourceTitle "EXT 2023"]
[Source "ChessBase"]
[SourceDate "2022.10.05"]
[SourceVersion "1"]
[SourceVersionDate "2022.10.05"]
[SourceQuality "1"]

1. e4 e5 2. Nf3 Nc6 3. Bc4 Be7 4. d4 exd4 5. c3 Nf6 6. e5 Ng4 7. cxd4 Bb4+ 8. Nc3 Qe7 9. 0-0 d6 10. Nd5 Qd7 11. h3 Nh6 12. Bxh6 gxh6 13. Nf6+ 1-0

[Event "Pan American-ch U1700"]
[Site "Timbo"]
[Date "2021.12.05"]
[Round "9"]
[White "Sarda, Joao Sada"]
[Black "Andrade, Moacir Belarmino F"]
[Result "1-0"]
[WhiteElo "1215"]
[BlackElo "1540"]
[PlyCount "59"]
[EventDate "2021.12.01"]
[EventType "swiss"]
[EventRounds "9"]
[EventCountry "BRA"]
[SourceTitle "CBM 205 Extra"]
[Source "ChessBase"]
[SourceDate "2022.01.31"]
[SourceVersion "1"]
[SourceVersionDate "2022.01.31"]
[SourceQuality "1"]

1. d4 d5 2. Bf4 Nf6 3. e3 e6 4. Nf3 Be7 5. c4 Bb4+ 6. Nc3 Ne4 7. Qb3 Nc6 8. Ne5 Bxc3+ 9. bxc3 Nxe5 10. Bxe5 0-0 11. h4 f6 12. Bf4 e5 13. dxe5 fxe5 14. Bxe5 Nxf2 15. Rg1 Qe7 16. Bd4 c5 17. cxd5 cxd4 18. d6+ Be6 19. dxe7 Bxb3 20. exf8Q+ Rxf8 21. axb3 dxe3 22. Bc4+ Kh8 23. Rxa7 h5 24. Rxb7 Ra8 25. Ke2 Ng4 26. b4 Rc8 27. Bd3 Ra8 28. Rc1 Rf8 29. Ra1 Rf2+ 30. Ke1 1-0

[Event "Pan American-ch U1700"]
[Site "Timbo"]
[Date "2021.12.02"]
[Round "3"]
[White "Gomes, Joao Paulo Santos"]
[Black "Sarda, Joao Sada"]
[Result "1-0"]
[WhiteElo "1521"]
[BlackElo "1215"]
[PlyCount "47"]
[EventDate "2021.12.01"]
[EventType "swiss"]
[EventRounds "9"]
[EventCountry "BRA"]
[SourceTitle "CBM 205 Extra"]
[Source "ChessBase"]
[SourceDate "2022.01.31"]
[SourceVersion "1"]
[SourceVersionDate "2022.01.31"]
[SourceQuality "1"]

1. c4 Nf6 2. g3 g6 3. Bg2 Bg7 4. Nc3 0-0 5. e4 d6 6. Nge2 e5 7. 0-0 Nc6 8. d3 Nh5 9. Be3 f5 10. Qd2 Qf6 11. f4 fxe4 12. Nd5 Qd8 13. Bxe4 Be6 14. Rac1 Kh8 15. Nec3 a6 16. b4 exf4 17. Bxf4 Nxf4 18. Nxf4 Bd4+ 19. Kh1 Qg5 20. Nxg6+ Qxg6 21. Bxg6 Bh3 22. Rxf8+ Rxf8 23. Qh6 Bxc3 24. Qxh7# 1-0

[Event "Pan American-ch U1700"]
[Site "Timbo"]
[Date "2021.12.01"]
[Round "1"]
[White "De Abreu, Vinicius Lindoso"]
[Black "Sarda, Joao Sada"]
[Result "1-0"]
[WhiteElo "1581"]
[BlackElo "1215"]
[PlyCount "67"]
[EventDate "2021.12.01"]
[EventType "swiss"]
[EventRounds "9"]
[EventCountry "BRA"]
[SourceTitle "CBM 205 Extra"]
[Source "ChessBase"]
[SourceDate "2022.01.31"]
[SourceVersion "1"]
[SourceVersionDate "2022.01.31"]
[SourceQuality "1"]

1. d4 Nf6 2. c4 g6 3. Nc3 Bg7 4. e4 d6 5. f4 0-0 6. Nf3 Nc6 7. d5 Nb8 8. Bd3 a5 9. 0-0 Na6 10. f5 Nc5 11. Bc2 e5 12. Bg5 Qe8 13. fxg6 fxg6 14. Qd2 Bg4 15. h3 Bxf3 16. Rxf3 Qd7 17. Raf1 Nh5 18. Ne2 Rxf3 19. Rxf3 b6 20. g4 Nf4 21. Nxf4 exf4 22. b3 h6 23. Bxf4 Rf8 24. Qe2 Qf7 25. Kg2 Qf6 26. Be3 Qb2 27. Rxf8+ Bxf8 28. Bxc5 bxc5 29. Qd3 Qxa2 30. e5 dxe5 31. Qxg6+ Bg7 32. Qe8+ Bf8 33. Qe6+ Kh8 34. Qg6 1-0

[Event "Pan American-ch U1700"]
[Site "Timbo"]
[Date "2021.12.01"]
[Round "2"]
[White "Sarda, Joao Sada"]
[Black "Jardim, Tamiris Salvador"]
[Result "1-0"]
[WhiteElo "1215"]
[BlackElo "1503"]
[PlyCount "121"]
[EventDate "2021.12.01"]
[EventType "swiss"]
[EventRounds "9"]
[EventCountry "BRA"]
[SourceTitle "CBM 205 Extra"]
[Source "ChessBase"]
[SourceDate "2022.01.31"]
[SourceVersion "1"]
[SourceVersionDate "2022.01.31"]
[SourceQuality "1"]

1. e4 c5 2. Nf3 d6 3. d4 cxd4 4. Nxd4 Nf6 5. Nc3 e6 6. Be3 a6 7. f3 Qc7 8. Qd2 Nbd7 9. 0-0-0 b5 10. h4 Bb7 11. g4 Ne5 12. g5 Nfd7 13. f4 Nc4 14. Bxc4 Qxc4 15. Rhf1 b4 16. Nb1 Bxe4 17. b3 Qc7 18. Qxb4 e5 19. fxe5 dxe5 20. Qd2 exd4 21. Bf4 Qc6 22. Rfe1 Kd8 23. Qa5+ Kc8 24. Rxe4 Bc5 25. Re2 Bb6 26. Qf5 Kb7 27. Re7 Rhd8 28. Qxf7 Rac8 29. Rd2 Ba5 30. Rf2 d3 31. c4 Qh1+ 32. Kb2 Qc6 33. Nc3 Bc7 34. Nd5 Bxf4 35. Nxf4 Qb6 36. Rxd7+ Rxd7 37. Qxd7+ Rc7 38. Qd5+ Kc8 39. Nxd3 Rd7 40. Qc5+ Kb7 41. Qxb6+ Kxb6 42. Kc3 a5 43. Re2 Rf7 44. Re6+ Kc7 45. Ra6 Kb7 46. Nc5+ Kb8 47. Rxa5 Rf4 48. Rb5+ Kc8 49. Rb7 Rxh4 50. Rxg7 Rh5 51. a4 h6 52. a5 Rxg5 53. Rxg5 hxg5 54. Kb4 g4 55. Ne4 Kc7 56. Kc5 Kb8 57. Kb6 Ka8 58. Ng3 Kb8 59. c5 Ka8 60. c6 Kb8 61. a6 1-0

[Event "Pan American-ch Hybrid U12 31st"]
[Site "Tornelo INT"]
[Date "2021.09.04"]
[Round "2"]
[White "Sarda, Joao Sada"]
[Black "Cardenas Huachaca, Alessandro Jair"]
[Result "1/2-1/2"]
[WhiteElo "1271"]
[BlackElo "1012"]
[PlyCount "80"]
[EventDate "2021.09.04"]
[EventType "swiss"]
[EventRounds "9"]
[EventCountry "NET"]
[SourceTitle "EXT 2023"]
[Source "ChessBase"]
[SourceDate "2022.10.05"]
[SourceVersion "1"]
[SourceVersionDate "2022.10.05"]
[SourceQuality "1"]

1. d4 Nf6 2. Bf4 g6 3. e3 Bg7 4. Nd2 0-0 5. Ngf3 d5 6. c4 c5 7. Qc2 b6 8. Bd3 Nc6 9. 0-0 Bb7 10. cxd5 Qxd5 11. Bc4 Qd7 12. Nb3 Nb4 13. Qe2 cxd4 14. Nbxd4 Ne4 15. Rfd1 Nd6 16. Bxd6 exd6 17. Ng5 Rad8 18. Nge6 Bxd4 19. Nxf8 Rxf8 20. Rxd4 Nc6 21. Bb5 Nxd4 22. exd4 Qc7 23. Bd3 d5 24. Re1 Rc8 25. h3 Qd6 26. Qe3 Bc6 27. Ba6 Re8 28. Qd2 Rxe1+ 29. Qxe1 Qe6 30. Qxe6 fxe6 31. Bc8 Kf7 32. f4 h6 33. g4 Kf6 34. Kf2 Ke7 35. Kf3 Bb5 36. f5 exf5 37. gxf5 gxf5 38. Bxf5 Kf6 39. Kf4 Be2 40. Bg4 Bd3 1/2-1/2

[Event "Santa Catarina State-ch 65th"]
[Site "Rio Negrinho"]
[Date "2021.07.25"]
[Round "7"]
[White "Sarda, Joao Sada"]
[Black "Andrade, Moacir Belarmino F"]
[Result "0-1"]
[WhiteElo "1262"]
[BlackElo "1570"]
[PlyCount "52"]
[EventDate "2021.07.22"]
[EventType "swiss"]
[EventRounds "7"]
[EventCountry "BRA"]
[SourceTitle "EXT 2022"]
[Source "ChessBase"]
[SourceDate "2021.10.06"]
[SourceVersion "1"]
[SourceVersionDate "2021.10.06"]
[SourceQuality "1"]

1. e4 e5 2. Nf3 Nc6 3. Bc4 Bc5 4. b4 Bxb4 5. c3 Be7 6. d4 d6 7. 0-0 Nf6 8. Ng5 0-0 9. Qb3 d5 10. Bd3 h6 11. exd5 Nxd5 12. Ne4 exd4 13. Bc2 b6 14. Qc4 Bb7 15. Qd3 Ne5 16. Qg3 Ng6 17. cxd4 Bd6 18. Nxd6 Qxd6 19. Bxg6 fxg6 20. Qb3 Qb4 21. Qd3 Rf6 22. Ba3 Qa4 23. Nd2 Nf4 24. Qb3+ Qxb3 25. Nxb3 Bxg2 26. Rfe1 Bd5 0-1

[Event "Timbo op"]
[Site "Timbo"]
[Date "2021.06.13"]
[Round "5"]
[White "Sarda, Joao Sada"]
[Black "Deobrochinski, Valentina Hinke"]
[Result "1-0"]
[WhiteElo "1230"]
[BlackElo "1343"]
[PlyCount "67"]
[EventDate "2021.06.11"]
[EventType "swiss"]
[EventRounds "6"]
[EventCountry "BRA"]
[SourceTitle "EXT 2022"]
[Source "ChessBase"]
[SourceDate "2021.10.06"]
[SourceVersion "1"]
[SourceVersionDate "2021.10.06"]
[SourceQuality "1"]

1. d4 d5 2. Bf4 e6 3. e3 f5 4. Nf3 Nf6 5. Nbd2 Bd6 6. Bg3 Qe7 7. c4 c6 8. c5 Bc7 9. b4 Qd8 10. Ne5 Nbd7 11. Bh4 Nxe5 12. dxe5 Bxe5 13. Rc1 0-0 14. Nf3 Qc7 15. Ng5 h6 16. Nh3 Ne4 17. Bg3 a5 18. b5 cxb5 19. Bxb5 Nc3 20. Qd3 Nxa2 21. Ra1 Nb4 22. Qe2 Bxg3 23. hxg3 Qxc5 24. 0-0 Qd6 25. Nf4 Bd7 26. Nh5 Bxb5 27. Qxb5 b6 28. Qe2 Rac8 29. Qb2 Rf7 30. Rfc1 Rb8 31. Qd4 Nc6 32. Qc3 Rc7 33. Rc2 Ne7 34. Qxg7# 1-0

[Event "Sao Bento do Sul op 05"]
[Site "Sao Bento do Sul"]
[Date "2021.05.08"]
[Round "4"]
[White "Campagnolo, Fabiola"]
[Black "Sarda, Joao Sada"]
[Result "1-0"]
[WhiteElo "1720"]
[BlackElo "1220"]
[PlyCount "43"]
[EventDate "2021.05.07"]
[EventType "swiss"]
[EventRounds "6"]
[EventCountry "BRA"]
[SourceTitle "EXT 2022"]
[Source "ChessBase"]
[SourceDate "2021.10.06"]
[SourceVersion "1"]
[SourceVersionDate "2021.10.06"]
[SourceQuality "1"]

1. e4 e5 2. Nf3 Nc6 3. d4 exd4 4. Nxd4 Bc5 5. Be3 Qf6 6. c3 Nge7 7. Be2 0-0 8. f4 Bxd4 9. cxd4 d5 10. e5 Qg6 11. Bf3 Bf5 12. g4 Nb4 13. gxf5 Qxf5 14. Na3 a5 15. 0-0 Ra6 16. Kh1 Nd3 17. Bg4 Qe4+ 18. Qf3 Qg6 19. f5 Qb6 20. f6 Ng6 21. fxg7 Kxg7 22. Bg5 1-0

[Event "Sao Bento do Sul op 05"]
[Site "Sao Bento do Sul"]
[Date "2021.05.07"]
[Round "1"]
[White "Sarda, Joao Sada"]
[Black "Mendes, Rodrigo Machado"]
[Result "0-1"]
[WhiteElo "1220"]
[BlackElo "1853"]
[PlyCount "54"]
[EventDate "2021.05.07"]
[EventType "swiss"]
[EventRounds "6"]
[EventCountry "BRA"]
[SourceTitle "EXT 2022"]
[Source "ChessBase"]
[SourceDate "2021.10.06"]
[SourceVersion "1"]
[SourceVersionDate "2021.10.06"]
[SourceQuality "1"]

1. e4 e6 2. Nf3 b6 3. Nc3 Bb7 4. d4 d6 5. Bd3 Nd7 6. 0-0 Be7 7. Bf4 Ngf6 8. Re1 a6 9. Qe2 c5 10. Rad1 cxd4 11. Nb1 e5 12. Bg3 Nc5 13. Nbd2 Nxd3 14. cxd3 0-0 15. h3 Rc8 16. Nh4 Rc2 17. Nf5 Bc8 18. Qf3 Bxf5 19. Qxf5 Qc8 20. Qxc8 Rfxc8 21. Nb1 Rxb2 22. Rc1 Rbc2 23. Rxc2 Rxc2 24. f4 Nd7 25. fxe5 dxe5 26. Rd1 Rxa2 27. Rc1 Bc5 0-1

[Event "Timbo op"]
[Site "Timbo"]
[Date "2021.02.19"]
[Round "2"]
[White "Sarda, Joao Sada"]
[Black "Goetten Wagner, Julia"]
[Result "0-1"]
[WhiteElo "1198"]
[BlackElo "1601"]
[PlyCount "78"]
[EventDate "2021.02.19"]
[EventType "swiss"]
[EventRounds "6"]
[EventCountry "BRA"]
[SourceTitle "EXT 2022"]
[Source "ChessBase"]
[SourceDate "2021.10.06"]
[SourceVersion "1"]
[SourceVersionDate "2021.10.06"]
[SourceQuality "1"]

1. d4 Nf6 2. Bf4 c5 3. e3 Qb6 4. b3 g6 5. Nd2 cxd4 6. Nc4 Qb4+ 7. Nd2 dxe3 8. Bxe3 Bg7 9. Bc4 0-0 10. Ngf3 Ne4 11. Bd4 Nxd2 12. Qxd2 Qxd2+ 13. Kxd2 Nc6 14. Bxg7 Kxg7 15. h4 a6 16. h5 b5 17. Bd3 d5 18. hxg6 fxg6 19. Rh2 e5 20. Ng5 h6 21. Nh3 Nb4 22. f3 Nxd3 23. cxd3 Bf5 24. Nf2 Rac8 25. Rc1 Rxc1 26. Kxc1 Rc8+ 27. Kd2 a5 28. a3 b4 29. a4 Rc3 30. Rh1 Rxb3 31. Rc1 Rb2+ 32. Ke1 Ra2 33. Rc7+ Kf6 34. g4 Be6 35. Nh3 b3 36. Kd1 Rh2 37. Ng5 hxg5 38. f4 Bxg4+ 39. Kc1 Rc2+ 0-1

[Event "Florianopolis op 6th"]
[Site "Florianopolis"]
[Date "2020.01.20"]
[Round "1"]
[White "Sarda, Joao Sada"]
[Black "Goetten Wagner, Julia"]
[Result "0-1"]
[WhiteElo "1184"]
[BlackElo "1638"]
[PlyCount "116"]
[EventDate "2020.01.20"]
[EventType "swiss"]
[EventRounds "10"]
[EventCountry "BRA"]
[SourceTitle "CBM 194 Extra"]
[Source "ChessBase"]
[SourceDate "2020.03.31"]
[SourceVersion "1"]
[SourceVersionDate "2020.03.31"]
[SourceQuality "1"]

1. Nf3 Nf6 2. g3 d5 3. Bg2 c5 4. 0-0 Nc6 5. d3 e6 6. Nbd2 Be7 7. c4 0-0 8. a3 Qc7 9. b3 b6 10. Bb2 Bb7 11. Qc2 Rad8 12. e4 d4 13. Rfe1 a5 14. e5 Nd7 15. Ne4 Ncxe5 16. Nxe5 Nxe5 17. Qe2 Nd7 18. Bc1 Nf6 19. Nxf6+ Bxf6 20. Bxb7 Qxb7 21. Qg4 Rfe8 22. Bh6 Kh8 23. Bg5 Bxg5 24. Qxg5 f6 25. Qf4 e5 26. Qh4 Qf3 27. Qe4 Qxe4 28. Rxe4 f5 29. Re2 e4 30. dxe4 d3 31. Rd2 fxe4 32. Re1 Rd7 33. Rb1 Kg8 34. b4 cxb4 35. axb4 axb4 36. Rxb4 Rc7 37. Kg2 Rc6 38. h4 Rf6 39. Kg1 Rxf2 40. Rxf2 e3 41. Kf1 exf2 42. Kxf2 Re2+ 43. Kf1 Rc2 44. Ke1 Kf7 45. g4 h6 46. h5 Rg2 47. Kd1 Rxg4 48. Kd2 Rd4 49. Kd1 Rd6 50. Kd2 Kf6 51. Rb3 g6 52. hxg6 Kxg6 53. Rb5 h5 54. Rd5 Rxd5 55. cxd5 Kf6 56. Kxd3 Ke5 57. Kc4 h4 58. Kb5 Kxd5 0-1

[Event "Sao Bento do Sul op 05"]
[Site "Sao Bento do Sul"]
[Date "2019.05.19"]
[Round "6"]
[White "Warginowski, Leticia"]
[Black "Sarda, Joao Sada"]
[Result "1-0"]
[WhiteElo "1282"]
[BlackElo "1016"]
[PlyCount "65"]
[EventDate "2019.05.17"]
[EventType "swiss"]
[EventRounds "7"]
[EventCountry "BRA"]
[SourceTitle "CBM 195 Extra"]
[Source "ChessBase"]
[SourceDate "2020.05.31"]
[SourceVersion "1"]
[SourceVersionDate "2020.05.31"]
[SourceQuality "1"]

1. d4 Nf6 2. c4 g6 3. Nc3 Bg7 4. e4 d6 5. f3 0-0 6. Be3 Nc6 7. Qd2 e5 8. d5 Nb8 9. Nge2 Nbd7 10. g4 a5 11. Ng3 Nc5 12. h4 Ne8 13. h5 f5 14. gxf5 gxf5 15. exf5 Bxf5 16. Nxf5 Rxf5 17. Qg2 Qf6 18. h6 Rxf3 19. Bd2 e4 20. Be2 Nd3+ 21. Bxd3 exd3 22. 0-0-0 Rb8 23. hxg7 b5 24. Nxb5 a4 25. Bc3 Qf4+ 26. Qd2 Qxc4 27. Na3 Qxa2 28. Nb1 Qb3 29. Rdf1 Rf7 30. Rxf7 Kxf7 31. Rf1+ Nf6 32. Rxf6+ Kxg7 33. Qg5+ 1-0

[Event "Pan American-ch U10"]
[Site "Santiago de Chile"]
[Date "2018.07.22"]
[Round "1"]
[White "Sarda, Joao Sada"]
[Black "Duong, Kevin"]
[Result "0-1"]
[WhiteElo "1107"]
[BlackElo "1576"]
[PlyCount "48"]
[EventDate "2018.07.22"]
[EventType "swiss"]
[EventRounds "9"]
[EventCountry "CHI"]
[SourceTitle "EXT 2022"]
[Source "ChessBase"]
[SourceDate "2021.10.06"]
[SourceVersion "1"]
[SourceVersionDate "2021.10.06"]
[SourceQuality "1"]

1. e4 e5 2. Nf3 Nc6 3. Bc4 Bc5 4. b4 Bxb4 5. c3 Ba5 6. d4 exd4 7. 0-0 d6 8. cxd4 Nf6 9. Nbd2 Bg4 10. Qb3 0-0 11. Ng5 Qd7 12. h3 Bh5 13. Ne6 Rfe8 14. Ng5 Nxd4 15. Qb2 c5 16. Qa3 Bb4 17. Qg3 b5 18. Bd5 Ne2+ 19. Kh2 Nxg3 20. Bxa8 Nxf1+ 21. Nxf1 Rxa8 22. Ng3 Bg6 23. Be3 h6 24. Nf3 Nxe4 0-1

[Event "Florianopolis op 4th"]
[Site "Florianopolis"]
[Date "2018.01.24"]
[Round "9"]
[White "Riquelme Oviedo, Fabio"]
[Black "Sarda, Joao Sada"]
[Result "1-0"]
[WhiteElo "1543"]
[BlackElo "1078"]
[PlyCount "58"]
[EventDate "2018.01.19"]
[EventType "swiss"]
[EventRounds "10"]
[EventCountry "BRA"]
[SourceTitle "EXT 2019"]
[Source "ChessBase"]
[SourceDate "2018.10.10"]
[SourceVersion "1"]
[SourceVersionDate "2018.10.10"]
[SourceQuality "1"]

1. e4 e5 2. Bc4 Nc6 3. Nf3 Bc5 4. a3 Be7 5. d4 exd4 6. Nxd4 Nf6 7. f3 0-0 8. g3 d6 9. Be3 d5 10. Nxc6 bxc6 11. exd5 cxd5 12. Bd3 d4 13. Bf2 Re8 14. 0-0 Bb7 15. Nd2 Qd5 16. Ne4 Nxe4 17. Bxe4 Qb5 18. a4 Qb6 19. Bxd4 Bc5 20. Bxb7 Bxd4+ 21. Kh1 Rf8 22. Be4 Qh6 23. Bd3 Rfe8 24. c3 Bb6 25. Qc2 Re6 26. Bf5 Qh5 27. Bxe6 fxe6 28. Rae1 Rf8 29. Qe4 Rf6 1-0

[Event "Florianopolis op 4th"]
[Site "Florianopolis"]
[Date "2018.01.20"]
[Round "2"]
[White "Sarda, Joao Sada"]
[Black "Nunes, Marcela Andreia Dia"]
[Result "0-1"]
[WhiteElo "1078"]
[BlackElo "1543"]
[PlyCount "44"]
[EventDate "2018.01.19"]
[EventType "swiss"]
[EventRounds "10"]
[EventCountry "BRA"]
[SourceTitle "CBM 182 Extra"]
[Source "ChessBase"]
[SourceDate "2018.02.23"]
[SourceVersion "1"]
[SourceVersionDate "2018.02.23"]
[SourceQuality "1"]

1. e4 c5 2. Nf3 g6 3. d4 cxd4 4. Nxd4 Bg7 5. Nc3 Nc6 6. Be3 Nf6 7. f3 0-0 8. Qd2 d5 9. 0-0-0 dxe4 10. fxe4 Nxd4 11. Bxd4 Be6 12. Qf2 Qa5 13. h4 h5 14. Be2 a6 15. Bxh5 Qxh5 16. Bxf6 Bxf6 17. Qe3 b5 18. g4 Bxg4 19. Rd5 e5 20. Rd2 Bg7 21. Qg5 Bh6 22. Qxh5 Bxd2+ 0-1